The CEO Characteristics and Romanian Banks Performance

Hlavným cieľom výskumu je zistiť, do akej miery, charakteristiky generálneho riaditeľa (CEO) ovplyvňujú finančnú výkonnosť bánk v rumunskom bankovom systéme. Skúmaná vzorka zahŕňa 21 rumunských bánk za obdobie od 2018 do 2022. Pokiaľ ide o tieto charakteristiky, do výskumu sú zahrnuté aspekty ako ve...

ver descrição completa

Na minha lista:
Detalhes bibliográficos
Autor principal: Bunea, Mariana
Outros Autores: Ionescu Feleaga, Liliana, Ionescu, Bogdan Stefan
Formato: Capítulo de Livro
Idioma:inglês
Assuntos:
Tags: Adicionar Tag
Sem tags, seja o primeiro a adicionar uma tag!

MARC

LEADER 00000naa a2200000 4500
001 0311882
005 20250818094329.9
041 0 |a eng 
044 |a CZ 
245 1 0 |a The CEO Characteristics and Romanian Banks Performance  |c Mariana Bunea, Liliana Ionescu Feleaga, Bogdan Stefan Ionescu 
520 |a Hlavným cieľom výskumu je zistiť, do akej miery, charakteristiky generálneho riaditeľa (CEO) ovplyvňujú finančnú výkonnosť bánk v rumunskom bankovom systéme. Skúmaná vzorka zahŕňa 21 rumunských bánk za obdobie od 2018 do 2022. Pokiaľ ide o tieto charakteristiky, do výskumu sú zahrnuté aspekty ako vek, rodová rozmanitosť, vzdelanie, národnosť a dualita, pričom finančná výkonnosť bankového systému sa meria pomocou ukazovateľov ROA (návratnosť aktív) a ROE (návratnosť vlastného kapitálu), ktoré sa často používajú v literatúre, vrátane kontrolných premenných, ako je veľkosť banky a pod. 
610 2 0 |a CEO 
610 2 0 |a výkonnosť finančná 
610 2 0 |a banky 
610 2 0 |a kapitál vlastný 
610 2 0 |a aktíva 
610 2 0 |a ukazovatele finančné 
610 2 0 |a Rumunsko 
100 1 |a Bunea, Mariana 
700 1 |a Ionescu Feleaga, Liliana 
700 1 |a Ionescu, Bogdan Stefan